[Event "16th Deltalift Open 2019"]
[Site "Halmstad"]
[Date "2019.05.30"]
[Round "4.7"]
[White "Holst, Conny"]
[Black "Jobava, Baadur"]
[Result "0-1"]
[WhiteElo "2197"]
[BlackElo "2618"]
[Annotator "TA"]
[PlyCount "66"]
[EventDate "2019.05.30"]
[EventType "swiss"]
[EventCountry "SWE"]
[SourceTitle "playchess.com"]
[Source "ChessBase"]
[SourceQuality "1"]

{[%evp 17,66,16,18,-22,-23,-23,0,-11,27,0,0,0,35,0,0,0,0,-8,-6,-35,-40,-71,-72,-89,-113,-76,-58,-68,-44,-357,-361,-311,-289,-366,-363,-348,-357,-422,-435,-436,-418,-452,-437,-392,-352,-568,-501,-772,-762,-750,-697]} 1. d4 d5 2. c4 c6 3. Nf3 e6 4. e3 Bd6 5. Nc3 f5 6. Ne5 Nf6 7. Bd3 O-O 8. f4 Ne4 9. O-O Nd7 10. Bd2 {A85: Dutch Defence: 2 c4 Nf6 3 Nc3} Nxd2 11. Qxd2 Nxe5 12. fxe5 {The position is equal.} Be7 $146 ({Predecessor:} 12... Bxe5 13. cxd5 Bc7 14. dxc6 bxc6 15. Rac1 Kh8 16. Ne2 e5 17. Qc2 Qg5 {1-0 (37) Aronian,L (2803)-Ivanchuk,V (2731) Beijing 2013}) 13. g4 dxc4 14. Bxc4 {Strongly threatening gxf5.} b5 15. Bb3 {Hoping for gxf5.} Kh8 16. gxf5 exf5 17. Rad1 a5 {[%cal Ba7a5,Ba5a4][%mdl 32]} 18. a3 a4 $36 {[%mdl 2048] Black is more active.} 19. Ba2 b4 20. axb4 Bxb4 21. Bc4 Bb7 22. e4 f4 23. d5 $2 {[%mdl 8192]} (23. Kh1 $15) 23... Qg5+ $19 {[%mdl 64] [#] Double Attack} 24. Kh1 {intending e6.} Qxe5 25. Qd4 Qxd4 26. Rxd4 a3 27. Na2 {aiming for dxc6.} Bc5 28. Rd2 Be3 29. Rc2 cxd5 {[%mdl 64] [#] Overworked Piece} 30. Bxd5 Ba6 31. Rf3 $2 (31. Re1 {only move.} Rab8 32. bxa3) 31... Rac8 {Black is clearly winning.} 32. Rxc8 (32. Rg2 $142 Rb8 33. b3) 32... Rxc8 33. bxa3 Be2 {Accuracy: White = 10%, Black = 72%.} 0-1

[Event "16th Deltalift Open 2019"]
[Site "Halmstad"]
[Date "2019.05.30"]
[Round "4.8"]
[White "Kucuksari, Kaan"]
[Black "Ask, Josef"]
[Result "1-0"]
[WhiteElo "2320"]
[BlackElo "2149"]
[Annotator "ChessBase"]
[PlyCount "81"]
[EventDate "2019.05.30"]
[EventType "swiss"]
[EventCountry "SWE"]
[SourceTitle "playchess.com"]
[Source "ChessBase"]
[SourceQuality "1"]
[TimeControl "1800+12"]

1. d4 {[%emt 0:00:00]} Nf6 {[%emt 0:00:00]} 2. c4 {[%emt 0:00:00]} g6 {[%emt 0:00:00]} 3. Nc3 {[%emt 0:00:03]} Bg7 {[%emt 0:00:00]} 4. e4 {[%emt 0:00:02]} d6 {[%emt 0:00:00]} 5. h3 {[%emt 0:00:08]} O-O {[%emt 0:00:06]} 6. Nf3 {[%emt 0:00:02]} Na6 {[%emt 0:00:18]} 7. Bg5 {[%emt 0:00:07]} Qe8 {[%emt 0:00:40]} 8. Nd2 {[%emt 0:00:29]} e5 {[%emt 0:00:20]} 9. d5 {[%emt 0:00:03]} Nd7 {[%emt 0:00:10]} 10. g4 {[%emt 0:02:16]} Ndc5 {[%emt 0:00:12]} 11. Rg1 {[%emt 0:00:37]} Kh8 {[%emt 0:00:47]} 12. a3 {[%emt 0:00:27]} Bd7 {[%emt 0:00:10]} 13. b4 {[%emt 0:05:06]} Na4 {[%emt 0:00:14]} 14. Nb5 {[%emt 0:02:29]} Bxb5 {[%emt 0:01:44]} 15. cxb5 {[%emt 0:00:12]} Nc3 {[%emt 0:00:02]} 16. Qb3 {[%emt 0:03:41]} Nxb5 {[%emt 0:00:09]} 17. Qa4 {[%emt 0:00:03]} Nd4 {[%emt 0:00:52]} 18. Qxe8 {[%emt 0:00:02]} Raxe8 {[%emt 0:00:40]} 19. Rc1 {[%emt 0:00:31]} f6 {[%emt 0:00:22]} 20. Be3 {[%emt 0:00:09]} Rf7 {[%emt 0:00:25]} 21. Bxa6 {[%emt 0:10:29]} bxa6 {[%emt 0:00:03]} 22. f3 {[%emt 0:01:47]} a5 {[%emt 0:00:44]} 23. bxa5 {[%emt 0:01:45]} Rb8 {[%emt 0:00:08]} 24. Bxd4 {[%emt 0:02:37]} exd4 {[%emt 0:00:01]} 25. Ke2 {[%emt 0:00:00]} Bh6 {[%emt 0:00:25]} 26. Rb1 {[%emt 0:00:02]} Re8 {[%emt 0:01:29]} 27. Rb7 {[%emt 0:00:14]} a6 {[%emt 0:00:24]} 28. Nc4 {[%emt 0:00:21]} Ree7 {[%emt 0:00:12]} 29. Kd3 {[%emt 0:01:05]} f5 {[%emt 0:01:17]} 30. exf5 {[%emt 0:00:01]} gxf5 {[%emt 0:00:22]} 31. g5 {[%emt 0:00:01]} Bf8 {[%emt 0:01:02]} 32. Ra7 {[%emt 0:00:10]} c6 {[%emt 0:00:51]} 33. Rxe7 {[%emt 0:01:00]} Rxe7 {[%emt 0:00:23]} 34. dxc6 {[%emt 0:00:24]} d5 {[%emt 0:00:28]} 35. Nb6 {[%emt 0:00:08]} Rc7 {[%emt 0:00:43]} 36. Rc1 {[%emt 0:00:06]} Bxa3 {[%emt 0:00:08]} 37. Nxd5 {[%emt 0:00:15]} Rc8 {[%emt 0:00:12]} 38. Rc2 {[%emt 0:00:07]} Bd6 {[%emt 0:00:21]} 39. c7 {[%emt 0:00:01]} Kg7 {[%emt 0:00:15]} 40. Rc6 {[%emt 0:00:06]} Be5 {[%emt 0:00:04]} 41. f4 {[%emt 0:00:03]} 1-0

[Event "16th Deltalift Open 2019"]
[Site "Halmstad"]
[Date "2019.05.30"]
[Round "4.9"]
[White "Lindhe, Magnus"]
[Black "Ziegler, Ari"]
[Result "0-1"]
[WhiteElo "2173"]
[BlackElo "2300"]
[Annotator "ChessBase"]
[PlyCount "68"]
[EventDate "2019.05.30"]
[EventType "swiss"]
[EventCountry "SWE"]
[SourceTitle "playchess.com"]
[Source "ChessBase"]
[SourceQuality "1"]
[TimeControl "1800+12"]

1. d4 {[%emt 0:00:00]} g6 {[%emt 0:00:00]} 2. c3 {[%emt 0:00:01]} Bg7 {[%emt 0:00:00]} 3. Nf3 {[%emt 0:00:38]} d6 {[%emt 0:00:30]} 4. e4 {[%emt 0:01:06]} Nf6 {[%emt 0:00:29]} 5. Nbd2 {[%emt 0:02:41]} O-O {[%emt 0:00:14]} 6. Be2 {[%emt 0:00:51]} Nbd7 {[%emt 0:01:39]} 7. O-O {[%emt 0:01:02]} e5 {[%emt 0:00:05]} 8. dxe5 {[%emt 0:00:12]} Nxe5 {[%emt 0:00:43]} 9. Nxe5 {[%emt 0:00:32]} dxe5 {[%emt 0:00:03]} 10. a4 {[%emt 0:01:16]} c6 {[%emt 0:01:44]} 11. a5 {[%emt 0:00:31]} Qc7 {[%emt 0:00:09]} 12. Qc2 {[%emt 0:02:09]} Re8 {[%emt 0:00:22]} 13. Nc4 {[%emt 0:02:54]} Be6 {[%emt 0:00:45]} 14. Bg5 {[%emt 0:03:07]} Nd7 {[%emt 0:02:37]} 15. b4 {[%emt 0:01:37]} Nf8 {[%emt 0:00:34]} 16. Rad1 {[%emt 0:03:15]} Bxc4 {[%emt 0:00:36]} 17. Bxc4 {[%emt 0:00:07]} Ne6 {[%emt 0:00:19]} 18. Be3 {[%emt 0:00:10]} Qe7 {[%emt 0:05:51]} 19. f3 {[%emt 0:01:37]} a6 {[%emt 0:01:24]} 20. g3 {[%emt 0:03:18]} Rad8 {[%emt 0:02:45]} 21. Bb6 {[%emt 0:00:19]} Rxd1 {[%emt 0:00:16]} 22. Rxd1 {[%emt 0:00:32]} h5 {[%emt 0:00:32]} 23. Qd2 {[%emt 0:01:08]} Ng5 {[%emt 0:03:32]} 24. Kg2 {[%emt 0:01:07]} Qf6 {[%emt 0:00:24]} 25. Qe2 {[%emt 0:00:36]} h4 {[%emt 0:01:43]} 26. Rd7 {[%emt 0:00:31]} hxg3 {[%emt 0:00:20]} 27. hxg3 {[%emt 0:00:06]} Bf8 {[%emt 0:00:37]} 28. Rxb7 {[%emt 0:00:31]} Qh8 {[%emt 0:00:25]} 29. Kg1 {[%emt 0:01:03]} c5 {[%emt 0:00:32]} 30. Bd5 {[%emt 0:00:27]} cxb4 {[%emt 0:00:15]} 31. cxb4 {[%emt 0:00:23]} Qh5 {[%emt 0:01:54]} 32. Kf2 {[%emt 0:01:17]} Rc8 {[%emt 0:00:28]} 33. f4 {[%emt 0:00:33]} Qh2+ {[%emt 0:00:29]} 34. Ke3 {[%emt 0:00:20]} Qxg3+ {[%emt 0:00:37] Kd4} 0-1

[Event "16th Deltalift Open 2019"]
[Site "Halmstad"]
[Date "2019.05.30"]
[Round "4.10"]
[White "Crevatin, Leo"]
[Black "Cramling Bellon, Anna"]
[Result "1/2-1/2"]
[WhiteElo "2210"]
[BlackElo "1990"]
[Annotator "ChessBase"]
[PlyCount "86"]
[EventDate "2019.05.30"]
[EventType "swiss"]
[EventCountry "SWE"]
[SourceTitle "playchess.com"]
[Source "ChessBase"]
[SourceQuality "1"]
[TimeControl "1800+12"]

1. d4 {[%emt 0:00:00]} Nf6 {[%emt 0:00:00]} 2. c4 {[%emt 0:00:00]} e6 {[%emt 0:00:00]} 3. Nc3 {[%emt 0:00:00]} Bb4 {[%emt 0:00:01]} 4. Qc2 {[%emt 0:00:00]} b6 {[%emt 0:00:02]} 5. e4 {[%emt 0:00:00]} c5 {[%emt 0:00:02]} 6. d5 {[%emt 0:00:01]} Qe7 {[%emt 0:00:13]} 7. Nge2 {[%emt 0:00:04]} d6 {[%emt 0:00:18]} 8. Bd2 {[%emt 0:00:10]} O-O {[%emt 0:00:28]} 9. O-O-O {[%emt 0:00:50]} Ng4 {[%emt 0:05:09]} 10. Be1 {[%emt 0:00:01]} Na6 {[%emt 0:01:41]} 11. h3 {[%emt 0:02:09]} Ne5 {[%emt 0:03:15]} 12. Ng3 {[%emt 0:00:25]} Bxc3 {[%emt 0:00:56]} 13. Bxc3 {[%emt 0:00:21]} Nb4 {[%emt 0:00:09]} 14. Qb1 {[%emt 0:02:11]} exd5 {[%emt 0:04:25]} 15. exd5 {[%emt 0:00:01]} Qg5+ {[%emt 0:00:48]} 16. Bd2 {[%emt 0:00:13]} Qg6 {[%emt 0:00:03]} 17. Qxg6 {[%emt 0:01:40]} fxg6 {[%emt 0:00:32]} 18. Bxb4 {[%emt 0:00:29]} cxb4 {[%emt 0:00:03]} 19. Ne4 {[%emt 0:00:27]} Rf4 {[%emt 0:03:15]} 20. f3 {[%emt 0:00:41]} Ba6 {[%emt 0:00:47]} 21. b3 {[%emt 0:00:33]} Rd8 {[%emt 0:00:35]} 22. Be2 {[%emt 0:00:44]} h6 {[%emt 0:00:19]} 23. g3 {[%emt 0:00:46]} Rff8 {[%emt 0:00:16]} 24. f4 {[%emt 0:00:06]} Nf7 {[%emt 0:00:04]} 25. Bd3 {[%emt 0:00:41]} g5 {[%emt 0:00:31]} 26. fxg5 {[%emt 0:02:20]} Nxg5 {[%emt 0:01:54]} 27. Nxg5 {[%emt 0:00:03]} hxg5 {[%emt 0:00:01]} 28. Rhf1 {[%emt 0:00:10]} Bc8 {[%emt 0:00:24]} 29. g4 {[%emt 0:00:09]} Rf4 {[%emt 0:00:13]} 30. Rde1 {[%emt 0:02:55]} Rdf8 {[%emt 0:00:31]} 31. Rxf4 {[%emt 0:00:01]} gxf4 {[%emt 0:03:09]} 32. Re7 {[%emt 0:00:25]} Rf7 {[%emt 0:01:12]} 33. Re8+ {[%emt 0:00:04]} Rf8 {[%emt 0:00:02]} 34. Bh7+ {[%emt 0:01:08]} Kf7 {[%emt 0:00:01]} 35. Bg6+ {[%emt 0:00:54]} Kg8 {[%emt 0:00:06]} 36. Re2 {[%emt 0:03:50]} Rf6 {[%emt 0:00:37]} 37. Re8+ {[%emt 0:01:23]} Rf8 {[%emt 0:00:02]} 38. Re7 {[%emt 0:03:52]} a5 {[%emt 0:04:58]} 39. Kd2 {[%emt 0:00:01]} Rf6 {[%emt 0:00:05]} 40. Bd3 {[%emt 0:00:22]} Rf7 {[%emt 0:00:10]} 41. Re1 {[%emt 0:00:56]} g5 {[%emt 0:00:26]} 42. Bg6 {[%emt 0:01:01]} Rf6 {[%emt 0:00:10]} 43. Bd3 {[%emt 0:00:43]} Kf8 {[%emt 0:00:23]} 1/2-1/2

[Event "16th Deltalift Open 2019"]
[Site "Halmstad"]
[Date "2019.05.30"]
[Round "4.11"]
[White "Andersson, Robert"]
[Black "Olund, Joar"]
[Result "0-1"]
[WhiteElo "2074"]
[BlackElo "2328"]
[Annotator "ChessBase"]
[PlyCount "177"]
[EventDate "2019.05.30"]
[EventType "swiss"]
[EventCountry "SWE"]
[SourceTitle "playchess.com"]
[Source "ChessBase"]
[SourceQuality "1"]
[TimeControl "1800+12"]

1. e4 {[%emt 0:00:00]} c6 {[%emt 0:00:00]} 2. Nf3 {[%emt 0:00:00]} d5 {[%emt 0:00:00]} 3. d3 {[%emt 0:00:00]} g6 {[%emt 0:00:00]} 4. Nbd2 {[%emt 0:00:37]} Bg7 {[%emt 0:00:01]} 5. Be2 {[%emt 0:00:17]} e5 {[%emt 0:00:39]} 6. O-O {[%emt 0:00:12]} Ne7 {[%emt 0:00:49]} 7. c3 {[%emt 0:01:55]} O-O {[%emt 0:00:23]} 8. d4 {[%emt 0:04:38]} exd4 {[%emt 0:00:36]} 9. Nxd4 {[%emt 0:00:14]} Re8 {[%emt 0:01:19]} 10. exd5 {[%emt 0:00:11]} Nxd5 {[%emt 0:00:03]} 11. N2f3 {[%emt 0:00:32]} h6 {[%emt 0:00:07]} 12. Re1 {[%emt 0:00:30]} Nd7 {[%emt 0:00:06]} 13. Bf1 {[%emt 0:00:24]} Nc5 {[%emt 0:03:45]} 14. Rxe8+ {[%emt 0:00:39]} Qxe8 {[%emt 0:00:02]} 15. Bd2 {[%emt 0:02:40]} Bd7 {[%emt 0:01:00]} 16. Qc2 {[%emt 0:00:09]} Qe4 {[%emt 0:00:47]} 17. Re1 {[%emt 0:00:30]} Qxc2 {[%emt 0:00:03]} 18. Nxc2 {[%emt 0:00:03]} Re8 {[%emt 0:00:09]} 19. Rxe8+ {[%emt 0:00:05]} Bxe8 {[%emt 0:00:02]} 20. Bc4 {[%emt 0:00:36]} Nb6 {[%emt 0:00:20]} 21. Be2 {[%emt 0:00:15]} Nca4 {[%emt 0:01:35]} 22. Bc1 {[%emt 0:00:03]} Bd7 {[%emt 0:00:15]} 23. Nfd4 {[%emt 0:01:19]} a6 {[%emt 0:01:20]} 24. Nb3 {[%emt 0:00:22]} Bc8 {[%emt 0:01:30]} 25. Na5 {[%emt 0:02:02]} Nd5 {[%emt 0:00:56]} 26. Bf3 {[%emt 0:00:24]} Ne7 {[%emt 0:00:31]} 27. Ne3 {[%emt 0:01:04]} Nc5 {[%emt 0:03:09]} 28. Be2 {[%emt 0:02:25]} Be5 {[%emt 0:01:19]} 29. Nec4 {[%emt 0:00:35]} Bc7 {[%emt 0:00:06]} 30. Nb3 {[%emt 0:00:36]} Na4 {[%emt 0:01:40]} 31. Bf3 {[%emt 0:03:34]} Kg7 {[%emt 0:00:52]} 32. Nca5 {[%emt 0:03:08]} g5 {[%emt 0:01:39]} 33. g3 {[%emt 0:00:47]} Ng6 {[%emt 0:00:16]} 34. Be4 {[%emt 0:00:37]} Ne5 {[%emt 0:00:47]} 35. f4 {[%emt 0:00:07]} gxf4 {[%emt 0:00:08]} 36. gxf4 {[%emt 0:00:16]} Ng4 {[%emt 0:00:22]} 37. Nc4 {[%emt 0:01:21]} Nf6 {[%emt 0:03:50]} 38. Bc2 {[%emt 0:01:38]} Nb6 {[%emt 0:03:08]} 39. Nxb6 {[%emt 0:00:07]} Bxb6+ {[%emt 0:00:02]} 40. Nd4 {[%emt 0:00:56]} Nd5 41. Kg2 {[%emt 0:00:15]} Kf6 {[%emt 0:00:49]} 42. Bb3 {[%emt 0:00:22]} Ne7 {[%emt 0:00:30]} 43. Be3 {[%emt 0:00:34]} Bc7 {[%emt 0:00:25]} 44. Ne2 {[%emt 0:00:16]} Nf5 {[%emt 0:00:23]} 45. Bf2 {[%emt 0:00:04]} b6 {[%emt 0:01:20]} 46. Bc2 {[%emt 0:00:13]} Be6 {[%emt 0:00:18]} 47. Be4 {[%emt 0:00:07]} Bxa2 {[%emt 0:00:12]} 48. Bxc6 {[%emt 0:00:04]} Bc4 {[%emt 0:00:05]} 49. Ng3 {[%emt 0:00:47]} Nh4+ {[%emt 0:00:47]} 50. Kh3 {[%emt 0:00:04]} Ng6 {[%emt 0:00:14]} 51. Bd4+ {[%emt 0:00:06]} Ke7 {[%emt 0:00:03]} 52. Nf5+ {[%emt 0:00:04]} Kd8 {[%emt 0:00:05]} 53. Bf6+ {[%emt 0:00:11]} Kc8 {[%emt 0:00:01]} 54. Nxh6 {[%emt 0:00:05]} Bxf4 {[%emt 0:00:47]} 55. Ng8 {[%emt 0:00:11]} Bc1 {[%emt 0:00:40]} 56. b4 {[%emt 0:00:03]} a5 {[%emt 0:00:02]} 57. bxa5 {[%emt 0:00:03]} bxa5 58. Ne7+ {[%emt 0:00:05]} Kc7 {[%emt 0:00:23]} 59. Be4 {[%emt 0:00:11]} Nf4+ {[%emt 0:00:25]} 60. Kg4 {[%emt 0:00:08]} Nd3 {[%emt 0:00:29]} 61. Bxd3 {[%emt 0:00:26]} Bxd3 {[%emt 0:00:01]} 62. Be5+ {[%emt 0:00:22]} Kb6 {[%emt 0:00:22]} 63. h4 {[%emt 0:00:07]} a4 {[%emt 0:00:10]} 64. c4 {[%emt 0:00:01]} a3 {[%emt 0:00:07]} 65. Bd4+ {[%emt 0:00:11]} Kb7 {[%emt 0:00:13]} 66. c5 {[%emt 0:00:03]} Bb2 {[%emt 0:00:12]} 67. c6+ {[%emt 0:00:08]} Kc7 {[%emt 0:00:02]} 68. Nd5+ {[%emt 0:00:14]} Kxc6 {[%emt 0:00:27]} 69. Nb4+ {[%emt 0:00:02]} Kd6 {[%emt 0:00:08]} 70. Nxd3 {[%emt 0:00:16]} Bxd4 {[%emt 0:00:02]} 71. Nc1 {[%emt 0:00:06]} Ke7 {[%emt 0:00:11]} 72. Kf5 {[%emt 0:00:07]} Kf8 {[%emt 0:00:06]} 73. Na2 {[%emt 0:00:07]} Kg7 {[%emt 0:00:04]} 74. Nb4 {[%emt 0:00:04]} Kh6 {[%emt 0:00:06]} 75. Kg4 {[%emt 0:00:03]} Kg6 {[%emt 0:00:25]} 76. Na2 {[%emt 0:00:06]} f5+ {[%emt 0:00:11]} 77. Kf4 {[%emt 0:00:06]} Kf6 {[%emt 0:00:03]} 78. Nb4 {[%emt 0:00:11]} Be5+ {[%emt 0:00:00]} 79. Kf3 {[%emt 0:00:04]} Kg6 {[%emt 0:00:01]} 80. Kg2 {[%emt 0:00:10]} Kh5 {[%emt 0:00:02]} 81. Kh3 {[%emt 0:00:01]} Bf6 {[%emt 0:00:07]} 82. Kg3 {[%emt 0:00:21]} Bxh4+ {[%emt 0:00:26]} 83. Kf4 {[%emt 0:00:02]} Kg6 {[%emt 0:00:03]} 84. Na2 {[%emt 0:00:13]} Kf6 {[%emt 0:00:09]} 85. Nc3 {[%emt 0:00:07]} Bg5+ {[%emt 0:00:04]} 86. Kf3 {[%emt 0:00:01]} Ke5 {[%emt 0:00:02]} 87. Ke2 {[%emt 0:00:42]} Bc1 {[%emt 0:00:36]} 88. Kf3 {[%emt 0:00:09]} Bb2 {[%emt 0:00:06]} 89. Na2 {[%emt 0:00:20]} 0-1

[Event "16th Deltalift Open 2019"]
[Site "Halmstad"]
[Date "2019.05.30"]
[Round "4.12"]
[White "Lindgren, Fredrik"]
[Black "Wahlund, Max"]
[Result "1-0"]
[WhiteElo "2278"]
[BlackElo "2088"]
[Annotator "ChessBase"]
[PlyCount "71"]
[EventDate "2019.05.30"]
[EventType "swiss"]
[EventCountry "SWE"]
[SourceTitle "playchess.com"]
[Source "ChessBase"]
[SourceQuality "1"]
[TimeControl "1800+12"]

1. d4 {[%emt 0:00:00]} Nf6 {[%emt 0:00:00]} 2. Nf3 {[%emt 0:00:00]} g6 {[%emt 0:00:00]} 3. c4 {[%emt 0:00:00]} Bg7 {[%emt 0:00:00]} 4. Nc3 {[%emt 0:00:00]} c5 {[%emt 0:00:23]} 5. d5 {[%emt 0:00:21]} O-O {[%emt 0:00:15]} 6. h3 {[%emt 0:00:28]} d6 {[%emt 0:00:17]} 7. Bf4 {[%emt 0:00:05]} a6 {[%emt 0:00:55]} 8. a4 {[%emt 0:00:09]} Qa5 {[%emt 0:02:07]} 9. Bd2 {[%emt 0:02:31]} Qc7 {[%emt 0:00:20]} 10. e4 {[%emt 0:01:03]} e6 {[%emt 0:01:00]} 11. dxe6 {[%emt 0:01:33]} Bxe6 {[%emt 0:00:51]} 12. Bd3 {[%emt 0:00:46]} Nc6 {[%emt 0:00:28]} 13. O-O {[%emt 0:00:30]} Nb4 {[%emt 0:01:40]} 14. Bf4 {[%emt 0:01:37]} Nh5 {[%emt 0:01:00]} 15. Bh2 {[%emt 0:00:08]} Bh6 {[%emt 0:00:10]} 16. Ne2 {[%emt 0:01:26]} Qd7 {[%emt 0:01:16]} 17. Ra3 {[%emt 0:01:32]} g5 {[%emt 0:04:23]} 18. Kh1 {[%emt 0:01:43]} Nf4 {[%emt 0:00:24]} 19. Nxf4 {[%emt 0:00:51]} gxf4 {[%emt 0:00:02]} 20. Qc1 {[%emt 0:00:03]} Qe7 {[%emt 0:01:08]} 21. g4 {[%emt 0:05:35]} fxg3 {[%emt 0:03:46]} 22. Qxh6 {[%emt 0:00:17]} Nxd3 {[%emt 0:00:05]} 23. Rxd3 {[%emt 0:02:57]} gxh2 {[%emt 0:00:06]} 24. Ng5 {[%emt 0:02:37]} f6 {[%emt 0:00:19]} 25. Nxe6 {[%emt 0:00:08]} Qxe6 {[%emt 0:00:03]} 26. Rg3+ {[%emt 0:00:21]} Kf7 {[%emt 0:00:05]} 27. Qxh7+ {[%emt 0:00:24]} Ke8 {[%emt 0:00:03]} 28. Qxb7 {[%emt 0:00:21]} Rd8 {[%emt 0:00:24]} 29. Kxh2 {[%emt 0:01:33]} Qxc4 {[%emt 0:00:20]} 30. Qc6+ {[%emt 0:00:14]} Kf7 {[%emt 0:00:21]} 31. Rfg1 {[%emt 0:00:44]} Ke6 {[%emt 0:02:06]} 32. f4 {[%emt 0:01:50]} Rh8 {[%emt 0:00:32]} 33. R1g2 {[%emt 0:00:26]} Qd4 {[%emt 0:00:36]} 34. Qb7 {[%emt 0:00:24]} Rhe8 {[%emt 0:01:39]} 35. Rg7 {[%emt 0:00:50]} Rb8 {[%emt 0:00:01]} 36. Qf7# {Kd5} 1-0

[Event "16th Deltalift Open 2019"]
[Site "Halmstad"]
[Date "2019.05.30"]
[Round "4.13"]
[White "Hautajarvi, Jukka"]
[Black "Silseth, Simon"]
[Result "1/2-1/2"]
[WhiteElo "2068"]
[BlackElo "2268"]
[Annotator "ChessBase"]
[PlyCount "80"]
[EventDate "2019.05.30"]
[EventType "swiss"]
[EventCountry "SWE"]
[SourceTitle "playchess.com"]
[Source "ChessBase"]
[SourceQuality "1"]
[TimeControl "1800+12"]

1. e4 {[%emt 0:00:00]} e5 {[%emt 0:00:08]} 2. Nf3 {[%emt 0:00:00]} Nc6 {[%emt 0:00:02]} 3. Bc4 {[%emt 0:00:20]} Be7 {[%emt 0:00:28]} 4. Nc3 {[%emt 0:00:04]} Nf6 {[%emt 0:00:09]} 5. d3 {[%emt 0:00:02]} d6 {[%emt 0:00:04]} 6. h3 {[%emt 0:00:04]} O-O {[%emt 0:00:21]} 7. Bg5 {[%emt 0:00:38]} Be6 {[%emt 0:00:12]} 8. Bb3 {[%emt 0:00:48]} Nd4 {[%emt 0:01:02]} 9. Nxd4 {[%emt 0:01:12]} exd4 {[%emt 0:00:03]} 10. Ne2 {[%emt 0:00:02]} Bxb3 {[%emt 0:04:30]} 11. axb3 {[%emt 0:00:03]} d5 {[%emt 0:00:22]} 12. e5 {[%emt 0:02:48]} Nd7 {[%emt 0:00:20]} 13. Bf4 {[%emt 0:00:02]} c5 {[%emt 0:00:24]} 14. O-O {[%emt 0:00:05]} Re8 {[%emt 0:00:49]} 15. Re1 {[%emt 0:03:14]} Nb8 {[%emt 0:01:59]} 16. Ng3 {[%emt 0:00:20]} Qd7 {[%emt 0:01:10]} 17. Qg4 {[%emt 0:02:32]} Qxg4 {[%emt 0:00:35]} 18. hxg4 {[%emt 0:00:02]} Nc6 {[%emt 0:02:00]} 19. Bd2 {[%emt 0:00:36]} Bd8 {[%emt 0:01:48]} 20. f4 {[%emt 0:00:54]} a5 {[%emt 0:05:14]} 21. Nf5 {[%emt 0:00:16]} Bc7 {[%emt 0:00:04]} 22. Kf2 {[%emt 0:00:45]} Nb4 {[%emt 0:00:56]} 23. Bxb4 {[%emt 0:00:20]} cxb4 {[%emt 0:00:59]} 24. Kf3 {[%emt 0:00:04]} Bb6 {[%emt 0:00:17]} 25. Re2 {[%emt 0:02:33]} Re6 {[%emt 0:00:36]} 26. Nd6 {[%emt 0:00:51]} f6 {[%emt 0:02:33]} 27. Rae1 {[%emt 0:06:29]} fxe5 {[%emt 0:00:04]} 28. fxe5 {[%emt 0:00:02]} Rf8+ {[%emt 0:02:21]} 29. Kg3 {[%emt 0:00:03]} Rg6 {[%emt 0:01:26]} 30. Rh1 {[%emt 0:00:58]} Bc7 {[%emt 0:00:38]} 31. Nb5 {[%emt 0:00:25]} Bb6 {[%emt 0:00:20]} 32. Nd6 {[%emt 0:00:01]} Rb8 {[%emt 0:00:38]} 33. Nf5 {[%emt 0:00:22]} Re8 {[%emt 0:00:12]} 34. Rhe1 {[%emt 0:01:07]} h5 {[%emt 0:00:14]} 35. Kh4 {[%emt 0:00:48]} Bd8+ {[%emt 0:00:36]} 36. Kh3 {[%emt 0:00:28]} hxg4+ {[%emt 0:00:43]} 37. Kg3 {[%emt 0:00:01]} Rf8 {[%emt 0:00:35]} 38. e6 {[%emt 0:02:48]} Rxf5 {[%emt 0:01:26]} 39. e7 {[%emt 0:00:01]} Bxe7 {[%emt 0:00:54]} 40. Rxe7 {[%emt 0:00:02]} Rf7 1/2-1/2